Sclerosis multiplex - pohľad sestry

Bibliographic Details
Main Author: Tirpáková, Zuzana (Author)
Format: Article
Language:Slovak

MARC

LEADER 00000nab a2200000ua 4500
001 vtls010830925
003 SK-MaSNL
005 20260303144524.0
008 230222s2004 xo |||||||||||||||||slo|
035 |a (urnnbn)urn:nbn:sk:snk:ar-a06hl4 
035 |a urn:nbn:sk:snk-ab5vxo 
035 |a (uuid)b267a249-67be-4699-a714-5869b659a4ca 
040 |a SNKBUCL  |b slo  |c SNKBUCL  |e AACR2 
041 0 |a slo 
044 |a xo  |c SK 
100 1 |a Tirpáková, Zuzana  |4 aut  |9 1166088 
245 1 0 |a Sclerosis multiplex - pohľad sestry  |c Zuzana Tirpáková 
773 0 |t Sestra : odborný mesačník pre ošetrovateľstvo  |g Roč. 3, č. 12 (2004), s. 22-24 
954 |a odborná, vedecká literatúra pôvodná (slovenská)  |2 lita 
958 |a OND 
958 |a EUIPO 
958 |a article5 
999 |c 1997694  |d 1999624